zpět

Detail výsledku týmu

KUPE, Opava

Datum a čas kvízu

37 Celkem bodů Celkový počet nahraných bodů na tomto kvízu bez doplňovacích otázek.
1. Pořadí na kvízu Konečné umístění týmu na tomto kvízu.

Zaznamenané odpovědi

# Otázka Odpověď Body Výsledky
1. Která sedmipodlažní budova obc... Kotva 1
2. Na jihokorejských sociálních s... párátka 0
3. Cenu Czech Press Photo za rok... D) v budově soudu 1
4. V pondělí byl slavnostně otevř... v Otrokovicích 1
5. Který sportovec, muž narozený... Ladislav Krejčí 0
6. Ve třetím díle cestovatelského... Jeseník 1
7. Přejdeme k písmenu K. Který z... B 0
8. Ve kterém americkém městě může... v Los Angeles 1
9. S písmenem M se vracíme do Čes... v Moravském Krumlově 0
10. Ve kterém století byl vybudová... v 19. století 1